000 01237nam0a2200349 4500
001 RU\NLR\bibl\1066957
005 20260408194617.0
010 _a5-900901-89-1
_920
021 _aRU
_b2007-9446
_9501
035 _a(NLR Aleph) 001054208
035 _a(nilc)EL/0000106284
090 _a897789
_c897789
100 _a20070208d2006 u y0rusy50 ca
101 0 _arus
102 _aRU
105 _aa j |||||
200 1 _aСтили искусства
_eучебное пособие
_fВ.В. Вострикова
210 _aОрел
_cиздатель Александр Воробьев
_d2006
215 _a167, [36] с.
_cил., портр.
_d20
320 _aБиблиогр.: с. 167 (28 назв.)
606 _aСтиль (эстет.)
_jУчебные издания
_3RU\NLR\auth\661369283
_92285905
686 _a85-022
_vLBC/RL
_2rubbk
686 _aЮ802.28я7
700 1 _aВострикова
_bВ. В.
_gВлада Владиславовна
_4070
801 0 _aRU
_bОрловская ОПБ
_c20070208
_grcr
801 1 _aRU
_bОрловская ОПБ
_c20070208
801 2 _aRU
_bNLR
_c20070402
_grcr
830 _aАвт. по кн.
942 _cBOOK
980 _aNB